[Event "VIII Etapa do Circuito Pre-Olimpico Feminino"]
[Site "Belo Horizonte/MG"]
[Date "2012.03.03"]
[Round "4"]
[Board "1"]
[White "Gazola, Vanessa Ramos"]
[Black "Viaro Baccarin, Natalia"]
[Result "1-0"]
[WhiteElo "2020"]
[BlackElo "1945"]
[PlyCount "113"]
[EventDate "2012.03.02"]
[EventRounds "6"]
[EventCountry "BRA"]

1. d4 d5 2. c4 e6 3. Nc3 Be7 4. Nf3 Nf6 5. cxd5 exd5 6. Bg5 Nbd7 7. e3 O-O 8.
Bd3 c6 9. Qc2 Re8 10. O-O Nf8 11. a3 a5 12. Bxf6 Bxf6 13. b4 axb4 14. axb4 Rxa1
15. Rxa1 Qd6 16. Ra8 Qxb4 17. Nxd5 cxd5 18. Rxc8 Rxc8 19. Qxc8 Qb3 20. Qc2 Qb4
21. g3 g6 22. Qb1 Be7 23. Ne5 Qxb1+ 24. Bxb1 Ne6 25. Ba2 Nc7 26. Nd7 g5 27. Nb6
Kf8 28. Bxd5 Nxd5 29. Nxd5 Bd8 30. f3 Ke8 31. Kf2 Kd7 32. Ke2 Kc6 33. Nc3 b5
34. Kd3 b4 35. Ne4 Kb5 36. Kc2 Ka4 37. Kb2 Be7 38. g4 h6 39. h3 Bf8 40. Nf6 b3
41. Ng8 Ba3+ 42. Kb1 Bf8 43. d5 Kb5 44. Kb2 Kc5 45. e4 Bg7+ 46. Kb1 Bf8 47. Nf6
Kd4 48. Ne8 Ke5 49. Kb2 Kf4 50. Kxb3 Kxf3 51. Nf6 Kf4 52. Kc4 Be7 53. Ng8 Bf8
54. Kd4 Bg7+ 55. Kc5 Bf8+ 56. Kc6 Kxe4 57. d6 1-0

[Event "VIII Etapa do Circuito Pre-Olimpico Feminino"]
[Site "Belo Horizonte/MG"]
[Date "2012.03.03"]
[Round "4"]
[Board "1"]
[White "Pereira, Amanda Marques"]
[Black "Guimaraes, Artemis Pamela"]
[Result "1-0"]
[WhiteElo "1999"]
[BlackElo "2037"]
[PlyCount "67"]
[EventDate "2012.03.02"]
[EventRounds "6"]
[EventCountry "BRA"]

1. e4 e5 2. Nf3 Nc6 3. Bb5 Nf6 4. d3 d6 5. O-O a6 6. Ba4 b5 7. Bb3 Na5 8. c3
Nxb3 9. axb3 Bb7 10. Re1 g6 11. Nbd2 Bg7 12. d4 O-O 13. d5 Nh5 14. b4 Qe8 15.
Nb3 h6 16. Nh4 Nf6 17. Qf3 Kh7 18. Kh1 Bc8 19. h3 Qd8 20. Qd3 Nxd5 21. Nxg6
Nxb4 22. Nxf8+ Qxf8 23. cxb4 Be6 24. Be3 Qe7 25. Nd2 Rg8 26. Nf3 Qf6 27. Bd2
Bf8 28. Rg1 Be7 29. Qe3 Qg6 30. Rac1 Bd8 31. Kh2 Qh5 32. Qe2 Rxg2+ 33. Rxg2
Qxh3+ 34. Kg1 1-0

[Event "VIII Etapa do Circuito Pre-Olimpico Feminino"]
[Site "Belo Horizonte/MG"]
[Date "2012.03.03"]
[Round "4"]
[Board "1"]
[White "Tashima, Vanessa Kelly"]
[Black "Marques, Gabriela Angelica"]
[Result "1-0"]
[WhiteElo "1925"]
[BlackElo "1745"]
[PlyCount "89"]
[EventDate "2012.03.02"]
[EventRounds "6"]
[EventCountry "BRA"]

1. e4 c5 2. c3 d6 3. d4 cxd4 4. cxd4 Nc6 5. Nc3 Nf6 6. f3 e6 7. Be3 a6 8. Qd2
b5 9. Bd3 Bb7 10. Nge2 Qc7 11. Rc1 Rc8 12. O-O Be7 13. d5 exd5 14. exd5 Ne5 15.
Nxb5 Qd8 16. Rxc8 Qxc8 17. Rc1 Qd8 18. Nc7+ Kf8 19. Bf5 g6 20. Bh3 h5 21. Qb4
Bxd5 22. Nf4 Nc6 23. Rxc6 Bxc6 24. Nfe6+ fxe6 25. Nxe6+ Kf7 26. Nxd8+ Rxd8 27.
Bd4 Nd5 28. Qc4 Bb7 29. Qb3 Bc6 30. Qc2 Bb7 31. Qd2 Rg8 32. Qe1 Nf4 33. Bd7 Rd8
34. Ba4 Rc8 35. Bb3+ d5 36. Be3 Bc5 37. Bxc5 Rxc5 38. Qe3 Ne6 39. h3 Kf6 40. h4
Rc8 41. Qb6 Rc1+ 42. Kh2 Bc6 43. Qxa6 d4 44. Qd3 Ke7 45. Qxg6 1-0

[Event "VIII Etapa do Circuito Pre-Olimpico Feminino"]
[Site "Belo Horizonte/MG"]
[Date "2012.03.03"]
[Round "4"]
[Board "1"]
[White "Fonseca, Carolina Rodrigues"]
[Black "Brandao, Catarina"]
[Result "1-0"]
[WhiteElo "1821"]
[BlackElo "1802"]
[PlyCount "129"]
[EventDate "2012.03.02"]
[EventRounds "6"]
[EventCountry "BRA"]

1. e4 b6 2. d4 Bb7 3. Nc3 e6 4. Nf3 Bb4 5. Bd3 Nf6 6. Qe2 d6 7. O-O O-O 8. Bd2
Nbd7 9. a3 Bxc3 10. bxc3 Re8 11. c4 c5 12. c3 Qc7 13. Rac1 a6 14. a4 d5 15. e5
dxc4 16. Bxc4 Ne4 17. Bd3 Qc6 18. Rfe1 Nxd2 19. Qxd2 Rad8 20. Be4 Qc7 21. Ng5
Bxe4 22. Rxe4 h6 23. Nf3 Nf8 24. Qe2 a5 25. Qb5 Ng6 26. Nd2 Qb7 27. Rce1 cxd4
28. cxd4 Qd7 29. Qxd7 Rxd7 30. Nc4 Red8 31. Rd1 Rb8 32. Rb1 Rbd8 33. Rd1 Rb7
34. g3 Ne7 35. Nd6 Rbd7 36. Nb5 Nc6 37. f4 f6 38. Nd6 f5 39. Re3 Nb4 40. Rc3
Nd5 41. Rcc1 Rc7 42. Kf2 g5 43. Rxc7 Nxc7 44. Rc1 Ne8 45. Rc8 Rxc8 46. Nxc8 g4
47. Nxb6 Kf7 48. Ke2 Ke7 49. Kd3 Nc7 50. Kc4 h5 51. d5 exd5+ 52. Nxd5+ Nxd5 53.
Kxd5 Kd7 54. Kc5 Ke6 55. Kb5 Kd5 56. Kxa5 Ke4 57. Kb5 h4 58. a5 hxg3 59. hxg3
Kf3 60. e6 Kxg3 61. e7 Kh2 62. e8=Q g3 63. Qe2+ g2 64. a6 Kh1 65. Qxg2+ 1-0

[Event "VIII Etapa do Circuito Pre-Olimpico Feminino"]
[Site "Belo Horizonte/MG"]
[Date "2012.03.03"]
[Round "4"]
[Board "1"]
[White "Campos, Anna Carolina "]
[Black "Rodrigues, Fernanda dos Santos"]
[Result "0-1"]
[WhiteElo "1798"]
[BlackElo "1891"]
[PlyCount "48"]
[EventDate "2012.03.02"]
[EventRounds "6"]
[EventCountry "BRA"]

1. e4 e6 2. d4 d5 3. exd5 exd5 4. Nc3 c6 5. Bf4 Bd6 6. Bxd6 Qxd6 7. Nf3 Ne7 8.
Be2 Bf5 9. O-O Nd7 10. Re1 O-O 11. Bd3 Bxd3 12. Qxd3 Ng6 13. Ne2 Rfe8 14. Ng3
Nf4 15. Qd2 Qf6 16. b3 h5 17. Nf1 h4 18. Ne3 h3 19. Ng4 Qf5 20. Rxe8+ Rxe8 21.
g3 Ne2+ 22. Kf1 Qxf3 23. Ne3 Nxg3+ 24. hxg3 h2 0-1

[Event "VIII Etapa do Circuito Pre-Olimpico Feminino"]
[Site "Belo Horizonte/MG"]
[Date "2012.03.04"]
[Round "5"]
[Board "1"]
[White "Chaves, Joara"]
[Black "Pereira, Amanda Marques"]
[Result "1-0"]
[WhiteElo "2010"]
[BlackElo "1999"]
[PlyCount "103"]
[EventDate "2012.03.02"]
[EventRounds "6"]
[EventCountry "BRA"]

1. e4 c5 2. Nc3 e6 3. f4 a6 4. d3 Nc6 5. g3 d5 6. Bd2 Nge7 7. Bg2 d4 8. Nce2 g6
9. Nf3 Bg7 10. O-O O-O 11. g4 f5 12. gxf5 gxf5 13. e5 Rb8 14. Qe1 b5 15. Qg3
Nd5 16. Qh3 Ncb4 17. Ne1 Kh8 18. a3 Nc6 19. Rf3 Rg8 20. Rg3 Rb7 21. Nf3 Bf8 22.
Ng5 Rbg7 23. Qh4 Qc7 24. Bxd5 exd5 25. Kf2 Qe7 26. Rag1 Rxg5 27. Rxg5 Rxg5 28.
Qxg5 Qxg5 29. Rxg5 Bh6 30. Rh5 Kg7 31. Be1 Kg6 32. Rh3 a5 33. Rg3+ Kf7 34. Kf3
c4 35. Bf2 c3 36. b3 a4 37. bxa4 bxa4 38. Nxd4 Ne7 39. Nb5 Bd7 40. Nxc3 Ke6 41.
Bc5 Ng6 42. Ne2 Nh4+ 43. Ke3 Ng6 44. Rh3 Bf8 45. Bxf8 Nxf8 46. Rh6+ Kf7 47. Rd6
Be6 48. Nd4 Ke7 49. Nc6+ Kf7 50. Nd8+ Ke7 51. Nxe6 Nxe6 52. Rxd5 1-0

[Event "VIII Etapa do Circuito Pre-Olimpico Feminino"]
[Site "Belo Horizonte/MG"]
[Date "2012.03.04"]
[Round "5"]
[Board "1"]
[White "Heinrichs, Vivian"]
[Black "Delai, Paula Fernanda"]
[Result "1-0"]
[WhiteElo "1965"]
[BlackElo "1982"]
[PlyCount "75"]
[EventDate "2012.03.02"]
[EventRounds "6"]
[EventCountry "BRA"]

1. c4 g6 2. g3 Bg7 3. Bg2 Nc6 4. Nc3 f5 5. d3 Nf6 6. e4 fxe4 7. dxe4 d6 8. Nge2
O-O 9. O-O e5 10. h3 Be6 11. Nd5 Qd7 12. Kh2 Rf7 13. Be3 Kh8 14. Rc1 Rd8 15.
Qd2 Rff8 16. b4 Rf7 17. a4 b6 18. Rc2 a5 19. b5 Ne7 20. Rfc1 Neg8 21. Nxb6 cxb6
22. Bxb6 Bh6 23. Qxa5 Rb8 24. Rd1 Ne8 25. f3 Qb7 26. Bf2 Ngf6 27. Qb4 Nxe4 28.
Bg1 N4f6 29. a5 Nc7 30. Rxd6 Bf8 31. Qd2 Bxd6 32. Qxd6 Re8 33. a6 Qb8 34. Qa3
Na8 35. Qa5 Nd7 36. c5 Nxc5 37. Bxc5 Bd5 38. Ng1 1-0

[Event "VIII Etapa do Circuito Pre-Olimpico Feminino"]
[Site "Belo Horizonte/MG"]
[Date "2012.03.04"]
[Round "5"]
[Board "1"]
[White "Tashima, Vanessa Kelly"]
[Black "Gazola, Vanessa Ramos"]
[Result "0-1"]
[WhiteElo "1925"]
[BlackElo "2020"]
[PlyCount "140"]
[EventDate "2012.03.02"]
[EventRounds "6"]
[EventCountry "BRA"]

1. e4 c5 2. c3 Nf6 3. e5 Nd5 4. Nf3 e6 5. d4 cxd4 6. cxd4 b6 7. Bd3 Ba6 8. O-O
Be7 9. Nc3 Nxc3 10. bxc3 Bxd3 11. Qxd3 O-O 12. d5 exd5 13. Qxd5 Na6 14. Rd1 Rc8
15. Bb2 Rc7 16. Rd4 Qc8 17. Qb5 Nb8 18. Rad1 Rc6 19. Re4 Rg6 20. Qd5 Qc6 21. c4
Rc8 22. Rc1 Bc5 23. Rf4 Qe6 24. Nh4 Rg5 25. Nf3 Rg6 26. Nh4 Rg5 27. Qf3 Nc6 28.
Rf5 Rxf5 29. Nxf5 Ne7 30. g4 a5 31. Qd3 Ng6 32. Qe4 Qc6 33. Re1 Bf8 34. Qxc6
Rxc6 35. Re4 Bc5 36. Kf1 Nf8 37. Bd4 Ne6 38. Bxc5 Rxc5 39. f4 g6 40. Nd6 Kf8
41. Kf2 Ke7 42. Kg3 f6 43. h4 fxe5 44. fxe5 Nd8 45. Kf4 Ne6+ 46. Kg3 Nd8 47.
Kf4 Ke6 48. Nb5 Nf7 49. Nd4+ Ke7 50. Nb5 Rc8 51. Rd4 Rc5 52. Re4 h6 53. g5
hxg5+ 54. hxg5 Nd8 55. Nc3 Ne6+ 56. Kg4 Nc7 57. Kf4 Kf7 58. Kg4 Ke7 59. a3 Kf7
60. Kf3 Ke7 61. Kg4 Ke6 62. Kf4 Ke7 63. Kg4 Kf7 64. Kf3 b5 65. Nxb5 Nxb5 66.
cxb5 Rxb5 67. a4 Rd5 68. Kg4 Ke6 69. Kf4 Rd1 70. Re3 Rf1+ 0-1

[Event "VIII Etapa do Circuito Pre-Olimpico Feminino"]
[Site "Belo Horizonte/MG"]
[Date "2012.03.04"]
[Round "5"]
[Board "1"]
[White "Viaro Baccarin, Natalia"]
[Black "Fonseca, Carolina Rodrigues"]
[Result "1/2-1/2"]
[WhiteElo "1945"]
[BlackElo "1821"]
[PlyCount "75"]
[EventDate "2012.03.02"]
[EventRounds "6"]
[EventCountry "BRA"]

1. e4 e5 2. Nf3 Nc6 3. Bb5 a6 4. Ba4 Nf6 5. Qe2 b5 6. Bb3 d6 7. c3 Bg4 8. h3
Bxf3 9. Qxf3 Be7 10. O-O O-O 11. Rd1 Na5 12. Bc2 c5 13. d3 Nc6 14. Nd2 Qc7 15.
Nf1 Rfe8 16. Bg5 Nd8 17. Ne3 Ne6 18. Bxf6 Bxf6 19. Nd5 Qd8 20. Nxf6+ Qxf6 21.
Qxf6 gxf6 22. g3 Kf8 23. Bb3 Ke7 24. Bd5 Rab8 25. Kf1 h6 26. b4 Rec8 27. a4 Rc7
28. axb5 axb5 29. Bxe6 fxe6 30. Ra5 Kf7 31. Rda1 Ke7 32. Ra7 Rcb7 33. Ke2 cxb4
34. cxb4 d5 35. Rxb7+ Rxb7 36. Ra5 d4 37. g4 Kf7 38. h4 1/2-1/2

[Event "VIII Etapa do Circuito Pre-Olimpico Feminino"]
[Site "Belo Horizonte/MG"]
[Date "2012.03.04"]
[Round "5"]
[Board "1"]
[White "Guimaraes, Artemis Pamela"]
[Black "Chang, Suzana"]
[Result "1-0"]
[WhiteElo "2037"]
[BlackElo "2055"]
[PlyCount "87"]
[EventDate "2012.03.02"]
[EventRounds "6"]
[EventCountry "BRA"]

1. e4 e5 2. Nf3 Nc6 3. Bb5 a6 4. Ba4 Nf6 5. d3 b5 6. Bb3 Be7 7. O-O d6 8. a4 b4
9. a5 O-O 10. Nbd2 Be6 11. Nc4 h6 12. c3 Rb8 13. h3 bxc3 14. bxc3 Qc8 15. Be3
Qb7 16. Ba2 Qa8 17. Qc2 Rb7 18. Bb3 Rd8 19. Ba4 Rbb8 20. Nfd2 Nd7 21. f4 exf4
22. Bxf4 Nc5 23. d4 Bxc4 24. Nxc4 Nxa4 25. Rxa4 Rb5 26. Qf2 Rf8 27. d5 Nd8 28.
Qg3 Kh7 29. Ne3 g6 30. Bxh6 Kxh6 31. Nf5+ gxf5 32. Rxf5 Ne6 33. dxe6 Rxf5 34.
exf5 Rg8 35. Rh4+ Bxh4 36. Qxh4+ Kg7 37. Qg5+ Kh7 38. Qh5+ Kg7 39. Qxf7+ Kh6
40. Qf6+ Kh7 41. Qh4+ Kg7 42. Qg5+ Kh7 43. Qh5+ Kg7 44. Qg6+ 1-0

[Event "VIII Etapa do Circuito Pre-Olimpico Feminino"]
[Site "Belo Horizonte/MG"]
[Date "2012.03.04"]
[Round "5"]
[Board "1"]
[White "Rodrigues, Fernanda dos Santos"]
[Black "Brandao, Catarina"]
[Result "1-0"]
[WhiteElo "1891"]
[BlackElo "1802"]
[PlyCount "65"]
[EventDate "2012.03.02"]
[EventRounds "6"]
[EventCountry "BRA"]

1. e4 b6 2. Nc3 Bb7 3. f4 e6 4. d3 d6 5. Nf3 Nd7 6. g3 e5 7. Bg2 Ngf6 8. Bd2 g6
9. O-O Bh6 10. Qe2 Qe7 11. a4 exf4 12. gxf4 O-O-O 13. a5 Nc5 14. b4 Na6 15. b5
Nb8 16. axb6 axb6 17. e5 Rhe8 18. Qf2 Bxf3 19. Qxf3 dxe5 20. Qb7+ Kd7 21. Bh3+
Ng4 22. Bxg4+ f5 23. Bf3 Qc5+ 24. Kh1 Bxf4 25. Bxf4 exf4 26. Nd5 Qd6 27. Ra7
Rc8 28. Nxb6+ Ke7 29. Nxc8+ Rxc8 30. Qxc8 Nd7 31. Rxc7 Kf6 32. Rxd7 Qe6 33.
Qd8+ 1-0

[Event "VIII Etapa do Circuito Pre-Olimpico Feminino"]
[Site "Belo Horizonte/MG"]
[Date "2012.03.04"]
[Round "5"]
[Board "1"]
[White "Marques, Gabriela Angelica"]
[Black "Campos, Anna Carolina "]
[Result "1-0"]
[WhiteElo "1745"]
[BlackElo "1798"]
[PlyCount "88"]
[EventDate "2012.03.02"]
[EventRounds "6"]
[EventCountry "BRA"]

1. d4 Nf6 2. c4 e6 3. Nf3 b6 4. g3 Bb7 5. Bg2 d5 6. cxd5 exd5 7. O-O Be7 8. Nc3
Nbd7 9. Bd2 c5 10. Rc1 a6 11. e3 Ne4 12. b3 O-O 13. Be1 b5 14. dxc5 Ndxc5 15.
Ne5 Nxc3 16. Bxc3 Ne4 17. Bb2 Bf6 18. Nd3 Bxb2 19. Nxb2 Rc8 20. Qd4 Qf6 21.
Qxf6 Nxf6 22. Nd3 Nd7 23. Rfd1 Rfe8 24. Bh3 Rxc1 25. Rxc1 Rd8 26. Rc7 Bc8 27.
Nb4 Nb6 28. Nc6 Na8 29. Rxc8 Rxc8 30. Bxc8 Nc7 31. Nd4 Kf8 32. Bg4 Ke7 33. f4
g6 34. Kf2 Kd6 35. b4 f5 36. Be2 Ke7 37. Bd3 Kd6 38. h3 Ne6 39. Nxe6 Kxe6 40.
g4 Kf6 41. gxf5 gxf5 42. Ke2 Ke6 43. Kd2 h6 44. Kc3 Kd6 1-0

[Event "VIII Etapa do Circuito Pre-Olimpico Feminino"]
[Site "Belo Horizonte/MG"]
[Date "2012.03.04"]
[Round "6"]
[Board "1"]
[White "Gazola, Vanessa Ramos"]
[Black "Chaves, Joara"]
[Result "1/2-1/2"]
[WhiteElo "2020"]
[BlackElo "2010"]
[PlyCount "20"]
[EventDate "2012.03.02"]
[EventRounds "6"]
[EventCountry "BRA"]

1. d4 Nf6 2. c4 g6 3. Nc3 Bg7 4. e4 d6 5. Be2 O-O 6. Bg5 c5 7. d5 e6 8. Qd2 Qa5
9. Nf3 a6 10. O-O exd5 1/2-1/2

[Event "VIII Etapa do Circuito Pre-Olimpico Feminino"]
[Site "Belo Horizonte/MG"]
[Date "2012.03.04"]
[Round "6"]
[Board "1"]
[White "Pereira, Amanda Marques"]
[Black "Heinrichs, Vivian"]
[Result "0-1"]
[WhiteElo "1999"]
[BlackElo "1965"]
[PlyCount "46"]
[EventDate "2012.03.02"]
[EventRounds "6"]
[EventCountry "BRA"]

1. e4 c5 2. Nf3 e6 3. d4 cxd4 4. Nxd4 a6 5. Be3 Qc7 6. Nc3 b5 7. a3 Bb7 8. f3
Nf6 9. Qd2 b4 10. axb4 Bxb4 11. Bd3 O-O 12. g4 d5 13. g5 Nfd7 14. exd5 Bxd5 15.
Kf2 Bb7 16. h4 Ne5 17. Bf4 Nxd3+ 18. cxd3 e5 19. Bg3 Qc5 20. Bxe5 Qxe5 21. Nde2
Qf5 22. Nd4 Bc5 23. Nce2 Qxf3+ 0-1

[Event "VIII Etapa do Circuito Pre-Olimpico Feminino"]
[Site "Belo Horizonte/MG"]
[Date "2012.03.04"]
[Round "6"]
[Board "1"]
[White "Delai, Paula Fernanda"]
[Black "Viaro Baccarin, Natalia"]
[Result "1/2-1/2"]
[WhiteElo "1982"]
[BlackElo "1945"]
[PlyCount "27"]
[EventDate "2012.03.02"]
[EventRounds "6"]
[EventCountry "BRA"]

1. e4 c5 2. Nf3 Nc6 3. d4 cxd4 4. Nxd4 Nf6 5. Nc3 e5 6. Ndb5 d6 7. a4 Bg4 8. f3
Be6 9. Bg5 a6 10. Na3 Be7 11. Qd2 O-O 12. Nc4 Nd4 13. a5 Rc8 14. Nb6 1/2-1/2

[Event "VIII Etapa do Circuito Pre-Olimpico Feminino"]
[Site "Belo Horizonte/MG"]
[Date "2012.03.04"]
[Round "6"]
[Board "1"]
[White "Fonseca, Carolina Rodrigues"]
[Black "Tashima, Vanessa Kelly"]
[Result "0-1"]
[WhiteElo "1821"]
[BlackElo "1925"]
[PlyCount "76"]
[EventDate "2012.03.02"]
[EventRounds "6"]
[EventCountry "BRA"]

1. e4 e6 2. d4 d5 3. e5 c5 4. c3 Nc6 5. Nf3 Bd7 6. a3 f6 7. exf6 Nxf6 8. Bg5
Qb6 9. b4 c4 10. Nbd2 Bd6 11. a4 Qc7 12. b5 Ne7 13. h3 h6 14. Be3 O-O-O 15. Qb1
Qa5 16. Qb2 Nf5 17. Be2 Nxe3 18. fxe3 Bg3+ 19. Kd1 Rde8 20. Qa3 Kb8 21. Ne5 Qc7
22. Ndf3 Ne4 23. Kc2 Bf2 24. Ng4 Qg3 25. Nfe5 Bc8 26. Bf3 h5 27. Bxe4 hxg4 28.
Qd6+ Ka8 29. Nf7 Qxe3 30. Bg6 Qe2+ 31. Kb1 Rhf8 32. a5 Be1 33. a6 Qd1+ 34. Kb2
Qb3+ 35. Kc1 Qxc3+ 36. Kb1 Qb3+ 37. Kc1 Bb4 38. axb7+ Bxb7 0-1

[Event "VIII Etapa do Circuito Pre-Olimpico Feminino"]
[Site "Belo Horizonte/MG"]
[Date "2012.03.04"]
[Round "6"]
[Board "1"]
[White "Rodrigues, Fernanda dos Santos"]
[Black "Guimaraes, Artemis Pamela"]
[Result "1/2-1/2"]
[WhiteElo "1891"]
[BlackElo "2037"]
[PlyCount "55"]
[EventDate "2012.03.02"]
[EventRounds "6"]
[EventCountry "BRA"]

1. e4 e5 2. Nc3 Nf6 3. Bc4 Nc6 4. d3 Na5 5. Bb3 Nxb3 6. axb3 Be7 7. f4 d6 8.
fxe5 dxe5 9. Nf3 Bg4 10. Be3 O-O 11. O-O a6 12. Qe1 Bd6 13. Ne2 Bxf3 14. Rxf3
Ng4 15. Ng3 Nxe3 16. Qxe3 b6 17. Kh1 Bc5 18. Qd2 Re8 19. Raf1 Qd7 20. Qg5 Qe7
21. Qg4 Qe6 22. Nf5 Bf8 23. Rh3 g6 24. Qg5 f6 25. Nh6+ Bxh6 26. Qxh6 Re7 27.
Rhf3 Rf7 28. h3 1/2-1/2

[Event "VIII Etapa do Circuito Pre-Olimpico Feminino"]
[Site "Belo Horizonte/MG"]
[Date "2012.03.04"]
[Round "6"]
[Board "1"]
[White "Chang, Suzana"]
[Black "Campos, Anna Carolina "]
[Result "1-0"]
[WhiteElo "2055"]
[BlackElo "1798"]
[PlyCount "45"]
[EventDate "2012.03.02"]
[EventRounds "6"]
[EventCountry "BRA"]

1. c4 e5 2. Nc3 Nc6 3. g3 Nf6 4. Bg2 Bc5 5. e3 d6 6. Nge2 Bf5 7. d3 a5 8. O-O
Be6 9. d4 exd4 10. exd4 Nxd4 11. Nxd4 Bxd4 12. Qxd4 c6 13. Bf4 d5 14. cxd5 cxd5
15. Qa4+ Kf8 16. Rad1 h5 17. Bg5 Qb6 18. Qb5 Qxb5 19. Nxb5 Ne4 20. Be3 h4 21.
Nc7 Rd8 22. Nxe6+ fxe6 23. Bxe4 1-0

[Event "VIII Etapa do Circuito Pre-Olimpico Feminino"]
[Site "Belo Horizonte/MG"]
[Date "2012.03.04"]
[Round "6"]
[Board "1"]
[White "Brandao, Catarina"]
[Black "Marques, Gabriela Angelica"]
[Result "1-0"]
[WhiteElo "1802"]
[BlackElo "1745"]
[PlyCount "49"]
[EventDate "2012.03.02"]
[EventRounds "6"]
[EventCountry "BRA"]

1. e4 c5 2. Nf3 Nc6 3. d4 cxd4 4. Nxd4 Nf6 5. Nc3 d6 6. Bd3 Nxd4 7. O-O e6 8.
Re1 Be7 9. Nb5 Nxb5 10. Bxb5+ Bd7 11. Bxd7+ Qxd7 12. Bg5 h6 13. Bh4 O-O 14. Qe2
a6 15. Rad1 Rac8 16. e5 Ne8 17. Bxe7 Qxe7 18. Qd3 d5 19. c3 Nc7 20. b3 Rfd8 21.
Re3 Nb5 22. Qd2 Rd7 23. Rg3 Rdc7 24. Qxh6 Kf8 25. Qh8# 1-0